000 00804nam a2200217Ii 4500
003 JO-AjNU
008 230605s9999||||xx |||||||||||||| ||und||
017 _a1977/4451
040 _aJO-AjNU
_bara
_erda
_cJO-AjNU
041 _aara
050 1 4 _aHF 5549 .15.H87 1977
100 3 _aاعداد منصور حسين؛ مشرف السلسلة منصور حسين، كرم جيب,
_eauthor
_938461
245 0 0 _aالتعليم والموارد البشرية
264 3 1 _aالقاهرة: مكتبة الوعي العربي،1977
300 _a142ص
336 _atext
_btxt
_2rdacontent
337 _aunmediated
_bn
_2rdamedia
338 _avolume
_bnc
_2rdacarrier
490 0 _aسلسلة التعليم في خدمة لبمجتمع؛2
650 4 _aالموارد البشرية-التعليم
_938462
999 _aA16161
_c19729
_d19729